书目信息 |
| 题名: |
考研英语语法高分突破
|
|
| 作者: | 李春艳 , 张永艳 , 张晓燕 主编 | |
| 分册: | ||
| 出版信息: | 北京 电子工业出版社 2014.03 |
|
| 页数: | 224页 | |
| 开本: | 26cm | |
| 丛书名: | 2015年考研专家指导丛书 | |
| 单 册: | ||
| 中图分类: | H319.35 | |
| 科图分类: | ||
| 主题词: | 英语--ying yu--语法--研究生--入学考试--升学参考资料 | |
| 电子资源: | ||
| ISBN: | 978-7-121-22251-1 | |
| 000 | 01049nam 2200277 450 | |
| 001 | CAL 0120141242260 | |
| 005 | 20150825150506.20 | |
| 010 | @a978-7-121-22251-1@dCNY45.00 | |
| 100 | @a20140311d2014 em y0chiy50 ea | |
| 101 | 0 | @achi@aeng |
| 102 | @aCN@b110000 | |
| 106 | @ar | |
| 200 | 1 | @a考研英语语法高分突破@Akao yan ying yu yu fa gao fen tu po@f张晓燕, 李春艳, 张永艳主编 |
| 210 | @a北京@c电子工业出版社@d2014.03 | |
| 215 | @a224页@d26cm | |
| 225 | 2 | @a2015年考研专家指导丛书@A2015 nian kao yan zhuan jia zhi dao cong shu |
| 330 | @a本书系统介绍了考研英语语法综合知识, 配有大量精选的练习, 即每章给出足量的同步辅导与强化训练题, 供考生练习和提高, 有助于考生对语法知识的消化和吸收。 | |
| 410 | 0 | @12001 @a2015年考研专家指导丛书 |
| 586 | @a | |
| 606 | 0 | @a英语@Aying yu@x语法@x研究生@x入学考试@j升学参考资料 |
| 690 | @aH319.35@v5 | |
| 701 | 0 | @a李春艳@Ali chun yan@4主编 |
| 701 | 0 | @a张永艳@Azhang yong yan@4主编 |
| 701 | 0 | @a张晓燕@Azhang xiao yan@4主编 |
| 801 | 0 | @aCN@c20150820 |
| 905 | @a河南城建学院图书馆@dH319.35@eZ210@f3 | |
| 考研英语语法高分突破/张晓燕, 李春艳, 张永艳主编.-北京:电子工业出版社,2014.03 |
| 224页;26cm.-(2015年考研专家指导丛书) |
| ISBN 978-7-121-22251-1:CNY45.00 |
| 本书系统介绍了考研英语语法综合知识, 配有大量精选的练习, 即每章给出足量的同步辅导与强化训练题, 供考生练习和提高, 有助于考生对语法知识的消化和吸收。 |
| ● |
| 相关链接 |
|
|
|
正题名:考研英语语法高分突破
索取号:H319.35/Z210
 
预约/预借
| 序号 | 登录号 | 条形码 | 馆藏地/架位号 | 状态 | 备注 |
| 1 | 1223766 | 212237667 | 语言库209/209语言库 43排1列2层/ [索取号:H319.35/Z210] | 在馆 | |
| 2 | 1223767 | 212237676 | 语言库209/209语言库 43排1列2层/ [索取号:H319.35/Z210] | 在馆 | |
| 3 | 1223768 | 212237685 | 期刊室512/209语言库 43排1列2层/ [索取号:H319.35/Z210] | 在馆 |